| 000 | 01093nam a22002657i 4500 | ||
|---|---|---|---|
| 999 |
_c23311 _d23311 |
||
| 003 | AR-CdUCM | ||
| 008 | 250714b20232023 pe||||| |||| 00| 0 spa d | ||
| 020 | _a978-612-4391-88-0 | ||
| 040 |
_aMUNICIPALIDAD PROVINCIAL DEL CUSCO _cBIBLIOTECA MUNICIPAL DEL CUSCO |
||
| 041 | _hspa | ||
| 082 |
_a784 / R82 / 2023 _bR82 / 2023 |
||
| 100 |
_aRoncagliolo Bonicelli, Luis José _951203 |
||
| 245 | _a80 Años Orquesta Sinfónica Nacional del Perú / | ||
| 260 |
_aLima : _bMinisterio de Cultura _c2023 |
||
| 300 |
_a265 páginas. : _bIlustraciones _c26x28 cm. |
||
| 505 | _aCreación de la orquesta -- La década de oro -- Continuidad germánica y cambio generacional -- El primer director peruano -- Luis Herrera de la Puente -- Ecos Sinfónicos de un Proyecto Nacional -- La década de 1980. | ||
| 650 |
_aSinfónica de Lima _951204 |
||
| 650 |
_aMúsica sinfónica _951205 |
||
| 650 |
_aPrimer concierto _951206 |
||
| 650 |
_aEcps sinfonicos _951207 |
||
| 650 |
_a60 aniversario _951208 |
||
| 650 |
_aArtistas internacionales _951209 |
||
| 942 |
_2ddc _cLIBROS |
||
| 945 |
_apbjr _d14-07-2025 |
||